000 00390nam a2200133 4500
005 20260210124521.0
008 260210b |||||||| |||| 00| 0 eng d
020 _a0716704953
100 _aReynolds Vernon
245 _aThe Biology of Human Action
_c/Vernon Reynolds
260 _aSan Francisco;
_bW.H Freeman and Company Limited;
_c1976
300 _axii,269p. ill;
_c23cm
942 _2lcc
_n0
_cBK
999 _c150
_d150